JAEHYUN (NCT) - Completely Lyrics - Statistics

General Stats
  • This quiz has been taken 19 times
  • The average score is 155 of 252
Answer Stats
% Correct
I
100%
Completely
92%
You
92%
A
85%
Love
85%
Your
85%
Baby
77%
I'm
77%
Me
77%
The
77%
Are
69%
Know
69%
Map
69%
Of
69%
Show
69%
Soul
69%
And
62%
Come
62%
Every
62%
From
62%
Gonna
62%
Heart
62%
In
62%
Is
62%
No
62%
Now
62%
Oh
62%
Tell
62%
Walk
62%
Wanna
62%
Where
62%
Bottom
54%
Don't
54%
Favorite
54%
On
54%
Scar
54%
Second
54%
Song
54%
Star
54%
Streets
54%
Take
54%
To
54%
Who
54%
With
54%
Always
46%
Bruise
46%
Call
46%
Dare
46%
'Em
46%
Everything
46%
How
46%
It
46%
Leave
46%
Like
46%
My
46%
Nothin'
46%
Piece
46%
Sing
46%
Start
46%
There
46%
Will
46%
Book
38%
Crazy
38%
Eyes
38%
Just
38%
Looking
38%
Should
38%
Stop
38%
Thing
38%
Bad
31%
Care
31%
Carry
31%
Get
31%
Glass
31%
Good
31%
Heavy
31%
Lie
31%
One
31%
Out
31%
Read
31%
Red
31%
Right
31%
Signs
31%
Surface
31%
Times
31%
Too
31%
Under
31%
Wine
31%
Wish
31%
Awake
23%
Hurt
23%
Lately
23%
Lights
23%
Ooh
23%
Ring
23%
Sipping
23%
Through
23%
True
23%
No matching quizzes found
Score Distribution
Percent of People with Each Score
Percentile by Number Answered
Your Score History
You have not taken this quiz